000
00320nam a22001457a 4500
020
_a
978-81-8204-089-2
082
_a
641.2
_b
JAY
100
_a
JAY PRAKASH KANT
245
_a
FOOD & BEVERAGE
260
_a
DELHI
_b
AMAN
_c
2015
300
_a
218
650
_a
FOOD & BEVERAGE
653
_a
FOOD, BEVERAGE
942
_2
ddc
_c
BK
999
_c
8062
_d
8062